Principios de sistemas de información: enfoque administrativo
Guardat en:
| Autors principals: | , |
|---|---|
| Format: | Llibre |
| Idioma: | espanyol |
| Publicat: |
Ciudad de México
International Thomson
2000
|
| Edició: | 1a. ed |
| Matèries: | |
| Etiquetes: |
Afegir etiqueta
Sense etiquetes, Sigues el primer a etiquetar aquest registre!
|
MARC
| LEADER | 00000nam a2200000 a 4500 | ||
|---|---|---|---|
| 001 | UCK5774 | ||
| 003 | CL-VaPUC | ||
| 008 | 050826e20000000MX |||||||||||||||||spa|d | ||
| 020 | |a 9687529970 | ||
| 082 | 0 | 4 | |a 658.403 |b STA |2 21 |
| 100 | 0 | |a Stair, Ralph M |e author |9 494703 | |
| 700 | 0 | |a Reynolds, George W |e author |9 494704 | |
| 245 | 1 | 0 | |a Principios de sistemas de información: enfoque administrativo |
| 250 | |a 1a. ed | ||
| 300 | |a 692 p | ||
| 942 | |c BK | ||
| 945 | |d 20050826 00:00:00 |a cmena | ||
| 260 | |a Ciudad de México |b International Thomson |c 2000 | ||
| 650 | 0 | |a Sistemas de información |9 260286 | |
| 650 | 0 | |a Gestión de la información |9 362327 | |
| 650 | 0 | |a Investigación de operaciones |9 356906 | |
| 650 | 0 | |a Toma de decisiones |9 257530 | |
| 650 | 0 | |a Planificación estratégica |9 259735 | |
| 583 | |a last modification |c 20050826 00:00:00 |k Rodrigo Vera | ||
| 999 | |c 314237 |d 314235 | ||
| 952 | |0 0 |1 0 |4 0 |6 658_403000000000000_STA_2000 |7 0 |8 A |9 386279 |a BIBGIM |b BIBGIM |d 2019-11-22 |i 4158342 |l 1 |m 1 |o 658.403 STA 2000 |p 4158342 |r 2025-01-15 |s 2022-03-17 |w 2019-11-22 |y BK |k COM | ||
| 952 | |0 0 |1 0 |4 0 |6 658_403000000000000_STA_2000 |7 0 |8 A |9 386280 |a BIBGIM |b BIBGIM |d 2019-11-22 |i 4158350 |o 658.403 STA 2000 |p 4158350 |r 2025-01-15 |w 2019-11-22 |y BK |k COM | ||